[Event "Kiel op"]
[Site "Kiel"]
[Date "2025.07.05"]
[Round "8"]
[White "Velavaa, Ragavesh"]
[Black "Rudolf, Michal"]
[Result "1/2-1/2"]
[WhiteElo "2150"]
[BlackElo "2295"]
[PlyCount "70"]
[EventDate "2025.06.30"]
[EventType "swiss"]
[EventRounds "9"]
[EventCountry "GER"]
[SourceTitle "CB28_2025"]
[SourceDate "2025.07.09"]
[SourceVersion "1"]
[SourceVersionDate "2025.07.09"]
[SourceQuality "1"]

1. e4 e5 2. Nf3 Nc6 3. d4 exd4 4. Nxd4 Nf6 5. Nxc6 bxc6 6. Bd3 d5 7. e5 Ng4 8. 0-0 Bc5 9. Bf4 f6 10. h3 Nxe5 11. Bxe5 fxe5 12. Qh5+ Kf8 13. Qxe5 Bd6 14. Qe3 Qf6 15. c3 Kf7 16. Nd2 Bf4 17. Qe2 g6 18. Nb3 Re8 19. Qf3 Bd6 20. Nd4 Qxf3 21. Nxf3 c5 22. Bb5 Re7 23. Bc6 Rb8 24. Bxd5+ Kf6 25. b3 Bf5 26. Rfe1 Rbe8 27. Rxe7 Rxe7 28. Re1 Rxe1+ 29. Nxe1 Be5 30. Bc4 Bxc3 31. Nd3 Bd4 32. Kf1 Be4 33. Bb5 a5 34. Bc4 Bc6 35. a4 Be4 1/2-1/2

[Event "Kiel op"]
[Site "Kiel"]
[Date "2025.07.03"]
[Round "6"]
[White "Rudolf, Michal"]
[Black "Vetoshko, Volodymyr"]
[Result "1/2-1/2"]
[WhiteElo "2295"]
[BlackElo "2517"]
[PlyCount "148"]
[EventDate "2025.06.30"]
[EventType "swiss"]
[EventRounds "9"]
[EventCountry "GER"]
[SourceTitle "CB28_2025"]
[SourceDate "2025.07.09"]
[SourceVersion "1"]
[SourceVersionDate "2025.07.09"]
[SourceQuality "1"]

1. e4 e5 2. Nf3 Nc6 3. Bb5 a6 4. Ba4 Nge7 5. c3 Ng6 6. d4 exd4 7. h4 d3 8. Qxd3 h5 9. Be3 Be7 10. Nbd2 d6 11. 0-0-0 Bd7 12. Bb3 Nce5 13. Nxe5 Nxe5 14. Qe2 Bb5 15. c4 Bd7 16. f4 Ng4 17. Bd4 0-0 18. Nf3 b5 19. Bc3 c5 20. e5 Bf5 21. g3 Qc7 22. exd6 Bxd6 23. Rhe1 b4 24. Be5 Bxe5 25. fxe5 Rad8 26. Bc2 Bxc2 27. Kxc2 Rxd1 28. Rxd1 Re8 29. Rd5 f6 30. Qd3 fxe5 31. Qg6 Qf7 32. Qxf7+ Kxf7 33. Rxc5 e4 34. Ng5+ Kf6 35. Kd2 Nf2 36. Ke3 Nd1+ 37. Kf4 e3 38. Rc6+ Ke7 39. Re6+ Kd7 40. Rxe8 Kxe8 41. Kf3 Nxb2 42. Kxe3 Nxc4+ 43. Kd4 Nd2 44. Ne6 Kf7 45. Nc5 a5 46. Kd3 Nf1 47. Nb3 a4 48. Nc5 a3 49. Kc4 Nxg3 50. Kxb4 g5 51. hxg5 h4 52. Nd3 h3 53. g6+ Kg7 54. Nf2 h2 55. Kxa3 Kxg6 56. Kb2 Kf5 57. Kc2 Kf4 58. Kd1 Ne4 59. Nh1 Nc3+ 60. Ke1 Kf3 61. a3 Kg2 62. Nf2 Ne4 63. Nh1 Nc5 64. Ke2 Na4 65. Nf2 Nc3+ 66. Ke1 Nd1 67. Nh1 Nb2 68. Ke2 Na4 69. Nf2 Nb6 70. Nh1 Nd5 71. Ke1 Nc3 72. Nf2 Ne4 73. Nh1 Nc5 74. Ke2 Na4 1/2-1/2

[Event "Noisiel op 10th"]
[Site "Noisiel"]
[Date "2025.04.14"]
[Round "6"]
[White "Bacrot, Alexandre"]
[Black "Rudolf, Michal"]
[Result "1/2-1/2"]
[WhiteElo "2432"]
[BlackElo "2285"]
[PlyCount "112"]
[EventDate "2025.04.12"]
[EventType "swiss"]
[EventRounds "9"]
[EventCountry "FRA"]
[SourceTitle "CB17_2025"]
[SourceDate "2025.04.23"]
[SourceVersion "1"]
[SourceVersionDate "2025.04.23"]
[SourceQuality "1"]

1. e4 e6 2. d4 d5 3. exd5 exd5 4. Nf3 Nc6 5. Bb5 Bd6 6. c4 dxc4 7. d5 a6 8. Ba4 b5 9. dxc6 bxa4 10. 0-0 Ne7 11. Nbd2 Be6 12. Qxa4 Bd5 13. Nxc4 Bxc6 14. Nxd6+ Qxd6 15. Qg4 0-0 16. Bf4 Qb4 17. a3 Bxf3 18. Qxf3 Qxb2 19. Bxc7 Rfe8 20. Rab1 Qa2 21. Rfd1 Qc4 22. Rbc1 Qa4 23. g3 h6 24. Rd3 Rac8 25. Rdc3 Ng6 26. h4 Nf8 27. Qc6 Qxc6 28. Rxc6 Re6 29. R6c4 h5 30. Kf1 Nh7 31. a4 Nf6 32. Bf4 Rxc4 33. Rxc4 Kf8 34. Rc5 g6 35. f3 Ke8 36. Rc8+ Kd7 37. Rc7+ Ke8 38. Ra7 Nd5 39. Bg5 Kf8 40. Bh6+ Kg8 41. a5 Ne3+ 42. Bxe3 Rxe3 43. Kf2 Re6 44. g4 hxg4 45. fxg4 Kg7 46. Kf3 Rc6 47. h5 gxh5 48. gxh5 Rc5 49. h6+ Kxh6 50. Rxa6+ Kg5 51. Ra8 Rc3+ 52. Ke4 f5+ 53. Ke5 Re3+ 54. Kd4 Ra3 55. a6 Kf4 56. Kc4 Kf3 1/2-1/2

[Event "Bialystok Zamenhof Memorial 43rd"]
[Site "Bialystok"]
[Date "2024.12.27"]
[Round "1"]
[White "Kirtadze, Anastasia"]
[Black "Rudolf, Michal"]
[Result "0-1"]
[WhiteElo "2047"]
[BlackElo "2284"]
[PlyCount "140"]
[EventDate "2024.12.27"]
[EventType "swiss"]
[EventRounds "9"]
[EventCountry "POL"]
[SourceTitle "CB02_2025"]
[SourceDate "2025.01.08"]
[SourceVersion "1"]
[SourceVersionDate "2025.01.08"]
[SourceQuality "1"]

1. e4 e6 2. d4 d5 3. Nc3 Nf6 4. Bg5 dxe4 5. Nxe4 Nbd7 6. Nxf6+ Nxf6 7. c3 h6 8. Bh4 Be7 9. Bb5+ Bd7 10. Qe2 0-0 11. Nf3 Bxb5 12. Qxb5 Qd5 13. Qxd5 Nxd5 14. Bxe7 Nxe7 15. 0-0 Rfd8 16. Rfd1 Rd5 17. Kf1 Rad8 18. Ke2 f6 19. Rd2 Kf7 20. Rad1 Nf5 21. c4 R5d6 22. g4 Ne7 23. h4 h5 24. g5 Nf5 25. Rd3 Ke7 26. b3 a5 27. a3 c6 28. b4 axb4 29. axb4 b5 30. cxb5 cxb5 31. gxf6+ gxf6 32. Rc3 Nxd4+ 33. Nxd4 Rxd4 34. Rxd4 Rxd4 35. Rc5 Rxb4 36. Rxh5 Kf7 37. Ke3 Rb1 38. Rh8 Rd1 39. Rb8 Rd5 40. Kf4 Rc5 41. Kg3 Rc3+ 42. Kg2 Rc5 43. Kg3 Re5 44. Kg4 Re4+ 45. Kf3 Re5 46. Kg4 Kg7 47. Rb6 Re4+ 48. Kf3 Rb4 49. Rxe6 Rxh4 50. Rb6 b4 51. Kg3 Rc4 52. Kg2 Kg6 53. Rb5 f5 54. Kf3 Kg5 55. Ke3 Kg4 56. Kd3 Rf4 57. Ke2 Re4+ 58. Kd3 Kf4 59. Kd2 Rd4+ 60. Ke2 Rc4 61. Kd3 Re4 62. Kd2 Rd4+ 63. Ke2 Ke4 64. Rb8 f4 65. Rb5 f3+ 66. Ke1 Kd3 67. Rf5 b3 68. Rxf3+ Kc2 69. Rf8 b2 70. Rc8+ Kb3 0-1

[Event "Suwalki Warakomska Memorial 8th"]
[Site "Suwalki"]
[Date "2024.07.21"]
[Round "5"]
[White "Rudolf, Michal"]
[Black "Dalkowski, Rafal"]
[Result "1-0"]
[WhiteElo "2284"]
[BlackElo "2101"]
[PlyCount "71"]
[EventDate "2024.07.18"]
[EventType "swiss"]
[EventRounds "9"]
[EventCountry "POL"]
[SourceTitle "EXT 2025"]
[Source "ChessBase"]
[SourceDate "2024.10.14"]
[SourceVersion "1"]
[SourceVersionDate "2024.10.14"]
[SourceQuality "1"]

1. e4 c6 2. d4 d5 3. e5 Bf5 4. Nd2 h5 5. Nb3 a5 6. a4 e6 7. Be2 h4 8. h3 Nd7 9. Nf3 Qc7 10. 0-0 Ne7 11. Bd2 f6 12. Re1 Ng6 13. exf6 gxf6 14. c4 Nb6 15. Qc1 Rg8 16. c5 Nd7 17. Nh2 Bxh3 18. gxh3 Nf4+ 19. Bg4 Nxh3+ 20. Kg2 f5 21. Kxh3 fxg4+ 22. Nxg4 Rxg4 23. Kxg4 Qh2 24. Kf3 Qh3+ 25. Ke2 Qxb3 26. Ra3 Qc4+ 27. Qxc4 dxc4 28. Kd1 Kf7 29. Rf3+ Nf6 30. Bg5 Bg7 31. Bxh4 Rh8 32. Re4 Kg6 33. Bxf6 Bxf6 34. Rxe6 Rf8 35. Kc2 Kg7 36. Rfxf6 1-0

[Event "Suwalki Warakomska Memorial 8th"]
[Site "Suwalki"]
[Date "2024.07.20"]
[Round "4"]
[White "Backiel, Hubert"]
[Black "Rudolf, Michal"]
[Result "1/2-1/2"]
[WhiteElo "2153"]
[BlackElo "2284"]
[PlyCount "41"]
[EventDate "2024.07.18"]
[EventType "swiss"]
[EventRounds "9"]
[EventCountry "POL"]
[SourceTitle "EXT 2025"]
[Source "ChessBase"]
[SourceDate "2024.10.14"]
[SourceVersion "1"]
[SourceVersionDate "2024.10.14"]
[SourceQuality "1"]

1. d4 Nf6 2. Nf3 e6 3. Bf4 d5 4. e3 Bd6 5. Bxd6 Qxd6 6. Nbd2 c5 7. dxc5 Qxc5 8. c4 0-0 9. cxd5 Qxd5 10. Bc4 Qh5 11. 0-0 Nc6 12. Qc2 Bd7 13. Ne4 Nxe4 14. Qxe4 Rfd8 15. Rfd1 Be8 16. h3 Qa5 17. Bd3 g6 18. Qh4 Ne5 19. Be2 Nxf3+ 20. Bxf3 Qc7 21. Rac1 1/2-1/2

[Event "Suwalki Warakomska Memorial 8th"]
[Site "Suwalki"]
[Date "2024.07.18"]
[Round "1"]
[White "Rudolf, Michal"]
[Black "Taranowicz, Michal"]
[Result "1/2-1/2"]
[WhiteElo "2284"]
[BlackElo "2124"]
[PlyCount "114"]
[EventDate "2024.07.18"]
[EventType "swiss"]
[EventRounds "9"]
[EventCountry "POL"]
[SourceTitle "EXT 2025"]
[Source "ChessBase"]
[SourceDate "2024.10.14"]
[SourceVersion "1"]
[SourceVersionDate "2024.10.14"]
[SourceQuality "1"]

1. d4 e6 2. c4 c5 3. d5 exd5 4. cxd5 d6 5. Nc3 g6 6. Nf3 Bg7 7. Qa4+ Bd7 8. Qf4 Ne7 9. e4 Qc7 10. Bc4 0-0 11. 0-0 a6 12. a4 f6 13. Qg3 Kh8 14. Bf4 Nc8 15. h4 Be8 16. Nd2 Nd7 17. Be3 Ne7 18. Rfe1 Ne5 19. Be2 Bd7 20. f4 Nf7 21. h5 f5 22. hxg6 Nxg6 23. Bh5 Ne7 24. e5 dxe5 25. Nc4 Nd6 26. Nxe5 Be8 27. Bf3 Rc8 28. Qf2 Ne4 29. Qc2 Nxc3 30. bxc3 Rd8 31. Qb3 Nc8 32. Qa3 c4 33. Qb4 b5 34. axb5 Bxb5 35. Bc5 Rf6 36. Nc6 Rg8 37. Ne7 Nxe7 38. d6 Qb8 39. Rxe7 Rg6 40. Rae1 Bf6 41. R7e6 Bg7 42. Rxg6 hxg6 43. Qb2 Re8 44. Qf2 Bxc3 45. Qh4+ Kg7 46. Re7+ Rxe7 47. Qxe7+ Kh6 48. d7 Bxd7 49. Qxd7 Qxf4 50. Qa7 Qc1+ 51. Kh2 Be5+ 52. g3 Qb2+ 53. Kh3 Bg7 54. Qxa6 Qc3 55. Qc6 Qd3 56. Bd6 c3 57. Bf4+ Kh7 1/2-1/2

[Event "Warsaw YMCA Spring-A 286th"]
[Site "Warsaw"]
[Date "2024.06.20"]
[Round "8"]
[White "Rudolf, Michal"]
[Black "Polak, Michal"]
[Result "1-0"]
[WhiteElo "2268"]
[BlackElo "1952"]
[PlyCount "81"]
[EventDate "2024.04.12"]
[EventType "tourn"]
[EventRounds "11"]
[EventCountry "POL"]
[SourceTitle "EXT 2025"]
[Source "ChessBase"]
[SourceDate "2024.10.14"]
[SourceVersion "1"]
[SourceVersionDate "2024.10.14"]
[SourceQuality "1"]

1. d4 Nf6 2. c4 e6 3. Nf3 b6 4. g3 Ba6 5. Qc2 Bb4+ 6. Bd2 Be7 7. e4 d5 8. cxd5 exd5 9. Bxa6 Nxa6 10. Qa4+ Qd7 11. Qxa6 dxe4 12. Ne5 Qxd4 13. Qb5+ Kf8 14. 0-0 a6 15. Qc6 Rd8 16. Bc3 Qc5 17. b4 Qxc6 18. Nxc6 Rd3 19. Ne5 Rd5 20. Nd2 Kg8 21. Nc6 Bf8 22. Bxf6 Rxd2 23. Be5 h5 24. Bxc7 Rd7 25. Bf4 h4 26. Rfd1 Rb7 27. Rd8 f6 28. Rad1 Kh7 29. Re8 g5 30. Be3 Rc7 31. Re6 hxg3 32. hxg3 Kg6 33. Bd4 Bg7 34. Bxb6 Rb7 35. Bc5 Bf8 36. Bxf8 Rbh7 37. Kf1 Rxf8 38. Rxe4 Kf5 39. g4+ Kxe4 40. Ke2 f5 41. Rd4# 1-0

[Event "Ostravsky Konik op-A"]
[Site "Ostrava"]
[Date "2024.05.01"]
[Round "5"]
[White "Rudolf, Michal"]
[Black "Fizer, Marek"]
[Result "1-0"]
[WhiteElo "2268"]
[BlackElo "2096"]
[PlyCount "130"]
[EventDate "2024.04.27"]
[EventType "swiss"]
[EventRounds "9"]
[EventCountry "CZE"]
[SourceTitle "CBM 220 Extra"]
[Source "ChessBase"]
[SourceDate "2024.07.31"]
[SourceVersion "1"]
[SourceVersionDate "2024.07.31"]
[SourceQuality "1"]

1. d4 d5 2. Bf4 c5 3. e3 Nc6 4. c3 Qb6 5. Qb3 c4 6. Qxb6 axb6 7. Nf3 Bf5 8. Nbd2 Nf6 9. Ne5 e6 10. a3 b5 11. Rc1 Nd7 12. Nxd7 Kxd7 13. f3 f6 14. e4 Bg6 15. Be2 e5 16. dxe5 fxe5 17. exd5 exf4 18. dxc6+ bxc6 19. Ne4 Re8 20. Rd1+ Kc7 21. Rd4 c5 22. Rd5 Bxe4 23. fxe4 Rxe4 24. Kd2 Bd6 25. Bf3 Re3 26. Kc2 Rb8 27. Rhd1 Rb6 28. R1d2 b4 29. axb4 cxb4 30. R2d4 b3+ 31. Kd2 Rd3+ 32. Rxd3 cxd3 33. Rxd3 Ba3 34. Kc1 Bc5 35. Bd1 Be3+ 36. Kb1 Rg6 37. Bf3 Bg1 38. c4 Rb6 39. h3 Rb4 40. Bd1 Rxc4 41. Rxb3 Bc5 42. Rb5 Kc6 43. Rb8 Rb4 44. Rc8+ Kd6 45. b3 f3 46. Bxf3 Rxb3+ 47. Kc2 Ra3 48. Rc6+ Ke5 49. Rxc5+ Kf6 50. Kd2 g6 51. Ke2 Rb3 52. Kf2 Ra3 53. Rc7 h6 54. Rc6+ Kf5 55. Rc5+ Kf6 56. Be4 Ra2+ 57. Kg3 Ra3+ 58. Kh2 g5 59. Rc6+ Ke5 60. Bf3 Kf4 61. Rxh6 Ra4 62. Rf6+ Ke5 63. Rf8 Ra6 64. Kg3 Ra4 65. Bg4 Kd5 1-0

[Event "Warsaw YMCA Spring-A 286th"]
[Site "Warsaw"]
[Date "2024.04.23"]
[Round "3"]
[White "Rudolf, Michal"]
[Black "Lewandrowski, Tomasz"]
[Result "1/2-1/2"]
[WhiteElo "2268"]
[BlackElo "1919"]
[PlyCount "89"]
[EventDate "2024.04.12"]
[EventType "tourn"]
[EventRounds "11"]
[EventCountry "POL"]
[SourceTitle "EXT 2025"]
[Source "ChessBase"]
[SourceDate "2024.10.14"]
[SourceVersion "1"]
[SourceVersionDate "2024.10.14"]
[SourceQuality "1"]

1. e4 c5 2. Nf3 Nc6 3. d4 cxd4 4. Nxd4 e5 5. Nb5 d6 6. N1c3 a6 7. Na3 Be7 8. Nc4 b5 9. Ne3 Nf6 10. Ned5 Be6 11. Be2 Nd4 12. Be3 Bxd5 13. Nxd5 Nxd5 14. exd5 Nxe2 15. Qxe2 0-0 16. 0-0 f5 17. f3 f4 18. Bf2 Bh4 19. a4 Bxf2+ 20. Qxf2 Qe7 21. c3 Qb7 22. Rfd1 Rfc8 23. g3 fxg3 24. hxg3 bxa4 25. Rxa4 Qb3 26. Raa1 Rc5 27. Qd2 Rb5 28. Qd3 Rc5 29. Rd2 a5 30. Kg2 Rf8 31. Rh1 g6 32. Rh4 Qb7 33. Rc4 Rfc8 34. Rg4 Rb5 35. Kh3 Rb8 36. f4 Qg7 37. Qe2 Qd7 38. Kh2 Rxb2 39. Rxb2 Rxb2 40. Qxb2 Qxg4 41. Qb8+ Kg7 42. Qxd6 Qe2+ 43. Kh3 Qh5+ 44. Kg2 Qe2+ 45. Kh3 1/2-1/2

[Event "Warsaw YMCA Spring-A 286th"]
[Site "Warsaw"]
[Date "2024.04.12"]
[Round "1"]
[White "Rudolf, Michal"]
[Black "Flis, Piotr"]
[Result "1-0"]
[WhiteElo "2268"]
[BlackElo "1891"]
[PlyCount "89"]
[EventDate "2024.04.12"]
[EventType "tourn"]
[EventRounds "11"]
[EventCountry "POL"]
[SourceTitle "EXT 2025"]
[Source "ChessBase"]
[SourceDate "2024.10.14"]
[SourceVersion "1"]
[SourceVersionDate "2024.10.14"]
[SourceQuality "1"]

1. e4 e5 2. Nf3 Nc6 3. Bc4 Nf6 4. d3 Bc5 5. 0-0 0-0 6. Re1 h6 7. c3 d6 8. h3 a5 9. Bb3 Be6 10. Ba4 Ba7 11. Nbd2 Ne7 12. Nf1 Ng6 13. Ng3 c6 14. d4 Qc7 15. Bc2 Rad8 16. Qe2 Rfe8 17. Be3 Bb8 18. a4 d5 19. dxe5 Nxe4 20. Nf1 Nxe5 21. Nxe5 Qxe5 22. Bb6 Bc7 23. Bxe4 dxe4 24. Bxc7 Qxc7 25. Qxe4 Qd7 26. Qc2 Qd3 27. Qc1 Bb3 28. Qf4 Qc2 29. Qc7 Qxb2 30. Reb1 Qc2 31. Ne3 Qxc3 32. Ra3 Rc8 33. Qb6 Qb4 34. Rbxb3 Qe1+ 35. Nf1 Rcd8 36. Rb1 Rd1 37. Rxd1 Qxd1 38. Qxb7 Re1 39. Qc8+ Kh7 40. Qf5+ Kg8 41. Rd3 Rxf1+ 42. Kh2 Rh1+ 43. Kg3 Rxh3+ 44. Kxh3 Qh1+ 45. Kg3 1-0